[Event "C.to Provinciale FM"]
[Site "Porto Sant'Elpidio ITA"]
[Date "2010.01.24"]
[Round "2"]
[White "Balzano, Filli"]
[Black "Fornelli, Marco"]
[Result "1/2-1/2"]
[WhiteElo "1673"]
[BlackElo "1371"]
[PlyCount "53"]
[EventDate "2010.01.23"]

1. e4 c5 2. c3 Nc6 3. d4 cxd4 4. cxd4 g6 5. Nc3 Bg7 6. Nf3 a6 7. Be2 d6 8. Be3
e6 9. O-O Nge7 10. Rc1 O-O 11. Qd2 Re8 12. a3 d5 13. e5 Nf5 14. Rc2 Nxe3 15.
Qxe3 Bd7 16. Rfc1 Ne7 17. g4 Qb6 18. b4 Rac8 19. Na2 Rxc2 20. Rxc2 Ba4 21. Rc1
Nc6 22. h3 Bf8 23. Nc3 Bb3 24. Nb1 Ba4 25. Nc3 Bb3 26. Nb1 Ba4 27. Nc3 1/2-1/2

[Event "C.to Provinciale FM"]
[Site "Porto Sant'Elpidio ITA"]
[Date "2010.01.24"]
[Round "2"]
[White "Bonoli, Luciano"]
[Black "Guglielmi, Dante"]
[Result "0-1"]
[WhiteElo "1771"]
[BlackElo "1910"]
[PlyCount "102"]
[EventDate "2010.01.23"]

1. c4 Nf6 2. g3 g6 3. Bg2 Bg7 4. Nf3 O-O 5. O-O d5 6. cxd5 Nxd5 7. Nc3 c6 8. a3
Nd7 9. Nxd5 cxd5 10. d4 Nf6 11. Bf4 Qb6 12. Qc1 Be6 13. Qc5 Qxc5 14. dxc5 Ne4
15. Ng5 Nxg5 16. Bxg5 Bxb2 17. Rab1 Bxa3 18. Bxe7 Rfc8 19. Rxb7 Bxc5 20. Bxc5
Rxc5 21. Rb4 a5 22. Ra4 Bd7 23. Ra3 Bb5 24. Re1 Bc4 25. Rc3 Rac8 26. e3 Ba6 27.
Ra3 Rc1 28. Ra1 Rxe1+ 29. Rxe1 Rc5 30. Ra1 a4 31. Bf1 Bxf1 32. Kxf1 Ra5 33. Ra3
Kf8 34. Ke2 Ke7 35. h4 Kd6 36. Kd3 Ke5 37. f3 h5 38. Kc3 f5 39. Kd3 Kd6 40. Kd4
Kc6 41. Ra1 a3 42. Ra2 Kb5 43. Rc2 a2 44. Rxa2 Rxa2 45. Kxd5 Rg2 46. e4 fxe4
47. fxe4 Rxg3 48. e5 Rd3+ 49. Ke4 Rd1 50. e6 Kc6 51. Ke5 Rf1 0-1

[Event "C.to Provinciale FM"]
[Site "Porto Sant'Elpidio ITA"]
[Date "2010.01.24"]
[Round "2"]
[White "Copponi, Alice"]
[Black "Splendiani, Sandro"]
[Result "0-1"]
[WhiteElo "1296"]
[BlackElo "1443"]
[PlyCount "78"]
[EventDate "2010.01.23"]

1. d4 Nf6 2. Nf3 e6 3. Bg5 h6 4. Bxf6 Qxf6 5. e4 c5 6. e5 Qd8 7. c3 cxd4 8.
cxd4 d5 9. Nc3 Nc6 10. Bb5 Qb6 11. Bxc6+ Qxc6 12. O-O Be7 13. Qd3 Bd7 14. a4 a6
15. b3 Rc8 16. Rac1 Qb6 17. Nd2 O-O 18. Ne2 Rc6 19. g3 Rfc8 20. Rc3 Rxc3 21.
Nxc3 Qa5 22. Ndb1 Qb4 23. Qc2 Qxd4 24. Re1 Bb4 25. Re3 Qc5 26. h4 d4 27. Rd3
Qxe5 28. Qc1 Bxc3 29. Nxc3 Rxc3 30. Rxc3 dxc3 31. f4 Qd4+ 32. Kf1 Bc6 33. g4
Bf3 34. g5 Qd3+ 35. Kg1 Qd2 36. Qxd2 cxd2 37. Kf2 d1=Q 38. gxh6 Qe2+ 39. Kg3
Qg2# 0-1

[Event "C.to Provinciale FM"]
[Site "Porto Sant'Elpidio ITA"]
[Date "2010.01.24"]
[Round "2"]
[White "Giobbi, Costantino"]
[Black "Capito', Mario"]
[Result "0-1"]
[WhiteElo "1913"]
[BlackElo "1804"]
[PlyCount "112"]
[EventDate "2010.01.23"]

1. e4 c5 2. Nf3 Nc6 3. Bb5 a6 4. Bxc6 bxc6 5. O-O d5 6. d3 e6 7. Nbd2 Be7 8.
Re1 Nf6 9. e5 Nh5 10. Nf1 g6 11. Bh6 Rg8 12. Ne3 a5 13. g3 Ba6 14. h4 Rb8 15.
b3 d4 16. Nf1 Ng7 17. Bg5 Nf5 18. N1d2 h6 19. Bxe7 Nxe7 20. Ne4 Nd5 21. Qd2 Rh8
22. Nxc5 Bb7 23. Ne4 Qb6 24. Nd6+ Ke7 25. Nc4 Qb4 26. Nxd4 c5 27. Ne2 Qxd2 28.
Nxd2 Nb4 29. Rec1 Rbd8 30. a3 Nc6 31. Nc4 Rd5 32. Nc3 Rd4 33. Nb5 Rg4 34. Ne3
h5 35. Nxg4 hxg4 36. Nd6 Ba8 37. b4 Nxe5 38. Ne4 Nf3+ 39. Kf1 c4 40. bxa5 f5
41. Ng5 Nd2+ 42. Ke2 c3 43. Rd1 Nf3 44. Nxf3 Bxf3+ 45. Ke3 Bxd1 46. Rxd1 Ra8
47. Rb1 Rxa5 48. Rb3 Re5+ 49. Kf4 Kf6 50. f3 Re2 51. fxg4 Rxc2 52. g5+ Ke7 53.
Rb7+ Kd6 54. Rb5 Rc1 55. Ke3 Re1+ 56. Kd4 c2 0-1

[Event "C.to Provinciale FM"]
[Site "Porto Sant'Elpidio ITA"]
[Date "2010.01.24"]
[Round "2"]
[White "Mantovani, Emanuele"]
[Black "Tittarelli, Adriano"]
[Result "0-1"]
[WhiteElo "1440"]
[BlackElo "1865"]
[PlyCount "60"]
[EventDate "2010.01.23"]

1. d4 d5 2. h3 Bf5 3. Nc3 c6 4. Bd2 Nd7 5. Nf3 e6 6. e3 Bd6 7. g4 Bg6 8. Nh4
Qxh4 9. Qf3 Ngf6 10. Bg2 Bxc2 11. O-O Ne4 12. Be1 Ng5 13. Qe2 Nxh3+ 14. Bxh3
Qxh3 15. f4 Be4 16. Nxe4 dxe4 17. Qg2 Qxg2+ 18. Kxg2 f5 19. g5 h6 20. Rh1 h5
21. g6 Nf8 22. Bc3 Nxg6 23. d5 cxd5 24. Bxg7 Rg8 25. Bh6 Nxf4+ 26. Kf2 Nd3+ 27.
Ke2 Rg2+ 28. Kf1 Rf2+ 29. Kg1 Kf7 30. Rf1 Rg8+ 0-1

[Event "C.to Provinciale FM"]
[Site "Porto Sant'Elpidio ITA"]
[Date "2010.01.24"]
[Round "2"]
[White "Mircoli, Filippo"]
[Black "Riano', Mirko Alessio"]
[Result "1-0"]
[WhiteElo "1729"]
[BlackElo "1440"]
[PlyCount "43"]
[EventDate "2010.01.23"]

1. e4 e6 2. d4 d5 3. Nc3 Bb4 4. e5 c5 5. a3 Bxc3+ 6. bxc3 Nc6 7. Nf3 Nge7 8.
Bd3 Nf5 9. Be3 c4 10. Be2 Bd7 11. Rb1 Rb8 12. O-O Qa5 13. Qd2 a6 14. g4 Nfe7
15. Nh4 O-O 16. f4 b5 17. f5 exf5 18. gxf5 h6 19. Bxh6 gxh6 20. Qxh6 Rfd8 21.
f6 Ng6 22. Qg7# 1-0

[Event "C.to Provinciale FM"]
[Site "Porto Sant'Elpidio ITA"]
[Date "2010.01.24"]
[Round "2"]
[White "Mondaini, Roberto"]
[Black "Mantovani, Sofia"]
[Result "0-1"]
[WhiteElo "1521"]
[BlackElo "1359"]
[PlyCount "78"]
[EventDate "2010.01.23"]

1. d4 d5 2. c4 Nf6 3. cxd5 Nxd5 4. e4 Nb6 5. Nf3 g6 6. b3 f5 7. e5 Nd5 8. Be2
Nc6 9. O-O f4 10. Bb2 Bh6 11. Nc3 Be6 12. Rc1 Qd7 13. Ne4 Bf5 14. Nc5 Qc8 15.
Bb5 Rb8 16. a3 g5 17. Nd2 Rg8 18. Qh5+ Rg6 19. Qf3 Qd8 20. Bxc6+ bxc6 21. b4 g4
22. Qd1 Rb5 23. Qa4 f3 24. Rcd1 Qc8 25. Nde4 a5 26. Bc1 fxg2 27. Kxg2 Bxe4+ 28.
Nxe4 Bxc1 29. Rxc1 Nf4+ 30. Kh1 Nd3 31. Rc3 Nf4 32. Rc5 Qa6 33. Rxb5 cxb5 34.
Qxa5 Qc6 35. Re1 Nd3 36. Re2 Qc1+ 37. Kg2 Nf4+ 38. Kg3 Nxe2+ 39. Kh4 Qh6# 0-1

[Event "C.to Provinciale FM"]
[Site "Porto Sant'Elpidio ITA"]
[Date "2010.01.24"]
[Round "2"]
[White "Perogio, Lorenzo"]
[Black "Santinelli, Michele"]
[Result "1-0"]
[WhiteElo "1871"]
[BlackElo "1758"]
[PlyCount "77"]
[EventDate "2010.01.23"]

1. e4 e5 2. d4 exd4 3. Qxd4 Nc6 4. Qe3 Bb4+ 5. Nc3 Nge7 6. Bd2 d6 7. O-O-O Be6
8. a3 Bc5 9. Qg3 Bd4 10. f4 g6 11. Nf3 Bg7 12. h4 f5 13. e5 Nd5 14. Ng5 Bg8 15.
Nxd5 Bxd5 16. Bc3 dxe5 17. Ne6 Bxe6 18. Rxd8+ Rxd8 19. Bb5 O-O 20. Bxc6 bxc6
21. Bxe5 Rd7 22. Bxg7 Rxg7 23. Qe3 Bd5 24. Qxa7 Bxg2 25. Rg1 Bf3 26. Qe3 Be4
27. b3 Re8 28. Qc3 Rge7 29. h5 Kf7 30. h6 Kg8 31. a4 Rd8 32. Kb2 Rd6 33. a5 Rd8
34. a6 Red7 35. a7 Ra8 36. Qb4 Rad8 37. Qc5 Rd2 38. Rc1 Rh2 39. Qe7 1-0

[Event "C.to Provinciale FM"]
[Site "Porto Sant'Elpidio ITA"]
[Date "2010.01.24"]
[Round "2"]
[White "Rago, Riccardo"]
[Black "Spano' Cuomo, Gaetano"]
[Result "1-0"]
[WhiteElo "2105"]
[BlackElo "1819"]
[PlyCount "69"]
[EventDate "2010.01.23"]

1. e4 e5 2. Nf3 Nc6 3. Bb5 a6 4. Ba4 Nf6 5. O-O Be7 6. d3 b5 7. Bb3 d6 8. c3
Bg4 9. a4 O-O 10. h3 Bh5 11. Be3 d5 12. Nbd2 dxe4 13. dxe4 Bg6 14. Bc2 Qc8 15.
Qe2 Qb7 16. Bg5 Nd7 17. Bxe7 Nxe7 18. axb5 axb5 19. Nh4 Rxa1 20. Rxa1 c5 21.
Nf5 Bxf5 22. exf5 f6 23. Be4 Nc6 24. Nb3 Qb6 25. Qd2 Ndb8 26. Qd5+ Kh8 27. Qxc5
Qxc5 28. Nxc5 h6 29. Ra8 Rd8 30. Ne6 Rd1+ 31. Kh2 Kh7 32. Nf8+ Kg8 33. Ng6 Kf7
34. Bxc6 Nxc6 35. Rf8# 1-0

[Event "C.to Provinciale FM"]
[Site "Porto Sant'Elpidio ITA"]
[Date "2010.01.24"]
[Round "2"]
[White "Silvestri, Giorgio"]
[Black "Miandro, Roberto"]
[Result "0-1"]
[WhiteElo "1808"]
[BlackElo "2098"]
[PlyCount "84"]
[EventDate "2010.01.23"]

1. d4 d5 2. c4 dxc4 3. Nf3 a6 4. a4 Nf6 5. Nc3 e6 6. e4 Bb4 7. Qc2 O-O 8. Bxc4
c5 9. dxc5 Bxc5 10. O-O Qc7 11. Qe2 Nc6 12. h3 Nd4 13. Nxd4 Bxd4 14. Bg5 Qe5
15. Bxf6 Qxf6 16. Rac1 Bd7 17. a5 Bc6 18. Kh2 Qe5+ 19. f4 Qxa5 20. e5 Rad8 21.
Bd3 g6 22. h4 Bxc3 23. bxc3 Qd5 24. Rcd1 Qc5 25. h5 Rxd3 26. Rxd3 Bb5 27. Rfd1
Bxd3 28. Rxd3 Qc4 29. Qf3 a5 30. h6 a4 31. Rd4 Qa6 32. Qd1 Qc6 33. Rd8 b5 34.
Rxf8+ Kxf8 35. Qd8+ Qe8 36. Qd6+ Kg8 37. Qc5 Qf8 38. Qxb5 Qxh6+ 39. Kg1 Qxf4
40. c4 a3 41. Qb3 Qc1+ 42. Kh2 Qb2 0-1

[Event "C.to Provinciale FM"]
[Site "Porto Sant'Elpidio ITA"]
[Date "2010.01.24"]
[Round "2"]
[White "Tittarelli, Elena"]
[Black "Tittarelli, Edith"]
[Result "1-0"]
[WhiteElo "1365"]
[BlackElo "1604"]
[PlyCount "45"]
[EventDate "2010.01.23"]

1. d4 d5 2. Nf3 Nf6 3. Bf4 Bf5 4. e3 e6 5. c4 c6 6. Nbd2 Nbd7 7. Be2 Be7 8. O-O
O-O 9. Rc1 Qb6 10. b3 Rac8 11. cxd5 cxd5 12. Nh4 Bg6 13. Nxg6 hxg6 14. Nf3 Rxc1
15. Qxc1 Ne4 16. Qb2 Rc8 17. Rc1 Rxc1+ 18. Qxc1 Ndf6 19. Ne5 a6 20. f3 Nd6 21.
Bg5 Kf8 22. Bxf6 Bxf6 23. Nd7+ 1-0

[Event "C.to Provinciale FM"]
[Site "Porto Sant'Elpidio ITA"]
[Date "2010.01.24"]
[Round "2"]
[White "Vannicola, Roberto"]
[Black "Vesce, Emanuele"]
[Result "0-1"]
[WhiteElo "1398"]
[BlackElo "1705"]
[PlyCount "90"]
[EventDate "2010.01.23"]

1. d4 Nf6 2. c4 g6 3. Nc3 d5 4. cxd5 Nxd5 5. e4 Nxc3 6. bxc3 Bg7 7. Bc4 O-O 8.
Be3 c5 9. Ne2 Nc6 10. O-O Qa5 11. Qd2 cxd4 12. Nxd4 Nxd4 13. Bxd4 Rd8 14. Qe3
e6 15. Bxg7 Kxg7 16. Rfd1 Bd7 17. Rd3 Ba4 18. Rxd8 Rxd8 19. Qe1 Rc8 20. Bb3
Bxb3 21. axb3 Qxc3 22. Qxc3+ Rxc3 23. Rb1 Kf6 24. f3 Ke5 25. Kf2 Kd4 26. Rd1+
Rd3 27. Rb1 Kc3 28. b4 b5 29. Ra1 Rd7 30. Rb1 Rd2+ 31. Kg3 Ra2 32. h4 Ra4 33.
Kg4 Kc2 34. Rh1 Rxb4 35. h5 a5 36. hxg6 hxg6 37. Kf4 a4 38. Rh7 a3 39. Rxf7 a2
40. Rc7+ Kb2 41. Ra7 Ra4 42. Rd7 a1=Q 43. Rd2+ Kc1 44. Ke3 Ra3+ 45. Ke2 Ra2 0-1

[Event "C.to Provinciale FM"]
[Site "Porto Sant'Elpidio ITA"]
[Date "2010.01.24"]
[Round "3"]
[White "Capito', Mario"]
[Black "Miandro, Roberto"]
[Result "1/2-1/2"]
[WhiteElo "1804"]
[BlackElo "2098"]
[PlyCount "115"]
[EventDate "2010.01.23"]

1. e4 c5 2. Nf3 d6 3. d4 cxd4 4. Nxd4 Nf6 5. Nc3 a6 6. Be2 e5 7. Nb3 Be6 8. O-O
Qc7 9. Be3 Nbd7 10. f4 b5 11. f5 Bc4 12. Bxc4 Qxc4 13. Nd2 Qc6 14. Qf3 b4 15.
Nd5 Nxd5 16. exd5 Qb5 17. Ne4 Rc8 18. f6 g6 19. Kh1 h5 20. c3 Rd8 21. Ng5 Qb7
22. Ne6 Nc5 23. Nxd8 Kxd8 24. cxb4 Nd7 25. Qe4 Bh6 26. Bxh6 Rxh6 27. Qc4 Nb6
28. Qc6 Qxc6 29. dxc6 Kc7 30. a4 Kxc6 31. Rac1+ Kd7 32. a5 Nd5 33. b5 axb5 34.
a6 Rh8 35. Rf3 Ra8 36. Ra3 Ra7 37. Ra5 Nc7 38. g3 d5 39. Kg2 Kd6 40. Rxc7 Kxc7
41. Rxb5 Kc6 42. Ra5 e4 43. Kf2 d4 44. Ra4 Kb5 45. Rxd4 Rxa6 46. Rxe4 Rxf6+ 47.
Rf4 Rb6 48. Rxf7 Kc4 49. Rf4+ Kb3 50. Kg2 Kxb2 51. Kh3 Rb5 52. Rf3 Rb4 53. Rf6
Rg4 54. Rf4 Rg5 55. g4 hxg4+ 56. Rxg4 Rh5+ 57. Rh4 Rg5 58. Rh6 1/2-1/2

[Event "C.to Provinciale FM"]
[Site "Porto Sant'Elpidio ITA"]
[Date "2010.01.24"]
[Round "3"]
[White "Foglia, Maurizio"]
[Black "Perogio, Lorenzo"]
[Result "1-0"]
[WhiteElo "2168"]
[BlackElo "1871"]
[PlyCount "73"]
[EventDate "2010.01.23"]

1. d4 d6 2. Nf3 g6 3. Bf4 Nf6 4. e3 Bg7 5. Be2 Nc6 6. h3 Nd7 7. O-O O-O 8. c4
e5 9. Bh2 e4 10. Ne1 f5 11. Nc3 Kh8 12. Nc2 a5 13. Na3 b6 14. Nab5 Nb4 15. a3
Na6 16. b4 axb4 17. axb4 Bb7 18. Ra4 g5 19. Qd2 Qf6 20. Nd5 Bxd5 21. cxd5 f4
22. Nc3 Qf5 23. Bg4 fxe3 24. Bxf5 exd2 25. Bxd7 Bxd4 26. Nxe4 Bxf2+ 27. Nxf2
Rxf2 28. Bg4 Rxf1+ 29. Kxf1 b5 30. Ra5 Rf8+ 31. Ke2 Nxb4 32. Rxb5 Na2 33. Rb7
Nc3+ 34. Kxd2 Nxd5 35. Bf3 Rf5 36. Bg3 Kg8 37. Be4 1-0

[Event "C.to Provinciale FM"]
[Site "Porto Sant'Elpidio ITA"]
[Date "2010.01.24"]
[Round "3"]
[White "Guglielmi, Dante"]
[Black "Rago, Riccardo"]
[Result "1/2-1/2"]
[WhiteElo "1910"]
[BlackElo "2105"]
[PlyCount "75"]
[EventDate "2010.01.23"]

1. c4 e6 2. g3 Nf6 3. Bg2 d5 4. b3 c6 5. Nf3 Bd6 6. Bb2 Nbd7 7. Nc3 O-O 8. O-O
b6 9. cxd5 exd5 10. Nd4 Bb7 11. Nf5 Nc5 12. Nxd6 Qxd6 13. Ba3 d4 14. Na4 Rfe8
15. Rc1 Nfd7 16. Re1 Rad8 17. d3 g5 18. Nxc5 Nxc5 19. Bxc5 bxc5 20. Qd2 Re5 21.
Qa5 Qe7 22. Bf3 c4 23. Qd2 c3 24. Qd1 Re8 25. Qc2 Qe6 26. e4 dxe3 27. Qxc3
exf2+ 28. Kxf2 Qf6 29. Rxe5 Rxe5 30. Kg2 c5 31. Be4 Bxe4+ 32. dxe4 Qe7 33. Rc2
Rxe4 34. Qxc5 Re2+ 35. Kf1 Qxc5 36. Rxc5 Rxa2 37. Rxg5+ Kf8 38. h4 1/2-1/2

[Event "C.to Provinciale FM"]
[Site "Porto Sant'Elpidio ITA"]
[Date "2010.01.24"]
[Round "3"]
[White "Mantovani, Emanuele"]
[Black "Vannicola, Roberto"]
[Result "0-1"]
[WhiteElo "1440"]
[BlackElo "1398"]
[PlyCount "44"]
[EventDate "2010.01.23"]

1. Nc3 c6 2. e4 d5 3. d4 dxe4 4. Nxe4 Nd7 5. c3 Ndf6 6. f3 Bf5 7. Bd3 Nxe4 8.
fxe4 Bg6 9. Nf3 e6 10. O-O Nf6 11. Qe2 Be7 12. h3 h6 13. Ne5 Bh7 14. g4 Bg8 15.
Qg2 Nd7 16. g5 Nxe5 17. dxe5 Qxd3 18. g6 O-O-O 19. gxf7 Bh7 20. Qxg7 Bc5+ 21.
Kh2 Qxf1 22. Qxh6 Qg1# 0-1

[Event "C.to Provinciale FM"]
[Site "Porto Sant'Elpidio ITA"]
[Date "2010.01.24"]
[Round "3"]
[White "Marconi, Luca"]
[Black "Balzano, Filli"]
[Result "1-0"]
[WhiteElo "1826"]
[BlackElo "1673"]
[PlyCount "101"]
[EventDate "2010.01.23"]

1. d4 d5 2. c4 c6 3. Nc3 Nf6 4. Nf3 dxc4 5. e3 Bf5 6. Bxc4 e6 7. O-O b5 8. Bd3
Bxd3 9. Qxd3 Be7 10. Re1 Nbd7 11. Ne4 O-O 12. Qc2 Qb6 13. Nxf6+ Bxf6 14. Bd2
Be7 15. Rac1 Rac8 16. b4 Bf6 17. Bc3 Rfe8 18. Nd2 Qc7 19. Ne4 Be7 20. Nc5 Nxc5
21. dxc5 Rcd8 22. Qb2 Bf8 23. Red1 Rxd1+ 24. Rxd1 Rd8 25. Rxd8 Qxd8 26. Qd2
Qxd2 27. Bxd2 f6 28. Kf1 Kf7 29. Ke2 Be7 30. Kd3 Bd8 31. h3 Bc7 32. Bc3 Ke7 33.
g4 g6 34. f4 f5 35. g5 Kf7 36. Bf6 Ke8 37. Kd4 Kf7 38. Be5 Bd8 39. Bd6 Ke8 40.
Ke5 Kd7 41. a3 a6 42. e4 a5 43. exf5 exf5 44. h4 a4 45. h5 gxh5 46. Kxf5 Ke8
47. Ke6 h4 48. f5 Bxg5 49. f6 Bxf6 50. Kxf6 Kd7 51. Kf7 1-0

[Event "C.to Provinciale FM"]
[Site "Porto Sant'Elpidio ITA"]
[Date "2010.01.24"]
[Round "3"]
[White "Riano', Mirko Alessio"]
[Black "Mondaini, Roberto"]
[Result "0-1"]
[WhiteElo "1440"]
[BlackElo "1521"]
[PlyCount "52"]
[EventDate "2010.01.23"]

1. e4 e6 2. d4 d5 3. exd5 exd5 4. Nc3 c6 5. Nf3 Nf6 6. Bd3 Bd6 7. Bg5 O-O 8.
O-O Re8 9. Re1 Be6 10. Ne5 Nbd7 11. Qf3 Be7 12. Bf5 h6 13. Bxe6 fxe6 14. Bf4
Nxe5 15. Bxe5 Bd6 16. Qe2 Bxe5 17. Qxe5 Re7 18. f3 Qb6 19. Rab1 Rae8 20. Ne2
Nd7 21. Qe3 e5 22. Kf2 exd4 23. Qxd4 Rxe2+ 24. Rxe2 Qxd4+ 25. Kf1 Rxe2 26. Kxe2
Qe5+ 0-1

[Event "C.to Provinciale FM"]
[Site "Porto Sant'Elpidio ITA"]
[Date "2010.01.24"]
[Round "3"]
[White "Santinelli, Michele"]
[Black "Mantovani, Sofia"]
[Result "1-0"]
[WhiteElo "1758"]
[BlackElo "1359"]
[PlyCount "51"]
[EventDate "2010.01.23"]

1. e4 e5 2. Nf3 Nc6 3. Bc4 Bc5 4. d3 Nge7 5. Ng5 f6 6. Nf7 Rf8 7. Nxd8 Kxd8 8.
Nc3 f5 9. Be3 Bb4 10. O-O f4 11. Bd2 Bc5 12. Qg4 Nb4 13. Qxg7 Re8 14. Bb3 Nxc2
15. Bxc2 Rg8 16. Qxe5 Ng6 17. Qxc5 d6 18. Qg5+ Ne7 19. Qh4 Rh8 20. Nd5 Re8 21.
Bxf4 Kd7 22. Ba4+ c6 23. Nf6+ Kd8 24. Bxd6 b5 25. Nxe8 bxa4 26. Qxe7# 1-0

[Event "C.to Provinciale FM"]
[Site "Porto Sant'Elpidio ITA"]
[Date "2010.01.24"]
[Round "3"]
[White "Spano' Cuomo, Gaetano"]
[Black "Tittarelli, Elena"]
[Result "1-0"]
[WhiteElo "1819"]
[BlackElo "1365"]
[PlyCount "77"]
[EventDate "2010.01.23"]

1. d4 d5 2. c4 c6 3. e3 Bf5 4. Nc3 Nf6 5. Nf3 Nbd7 6. Be2 e6 7. O-O Bd6 8. h3
Ne4 9. Bd2 Nxd2 10. Nxd2 O-O 11. c5 Bc7 12. f4 h6 13. b4 b5 14. cxb6 axb6 15.
a4 Bd6 16. Qb3 c5 17. b5 c4 18. Qb2 Qe7 19. e4 dxe4 20. Ndxe4 Bxe4 21. Nxe4
Rfc8 22. Nxd6 Qxd6 23. Qc3 Qd5 24. Bf3 Qd6 25. Bxa8 Rxa8 26. Qxc4 Qb8 27. d5
exd5 28. Qxd5 Qc8 29. Rfc1 Nc5 30. a5 Kh8 31. a6 Ra7 32. Rxc5 bxc5 33. Rc1 Rc7
34. b6 Rd7 35. b7 Qc7 36. Qxd7 Qxd7 37. b8=Q+ Kh7 38. a7 Qd4+ 39. Kh1 1-0

[Event "C.to Provinciale FM"]
[Site "Porto Sant'Elpidio ITA"]
[Date "2010.01.24"]
[Round "3"]
[White "Splendiani, Sandro"]
[Black "Acciaioli, Fabio"]
[Result "1/2-1/2"]
[WhiteElo "1443"]
[BlackElo "1833"]
[PlyCount "105"]
[EventDate "2010.01.23"]

1. d4 g6 2. Nf3 Nf6 3. Nbd2 d5 4. e3 Bg7 5. b3 c5 6. Bb2 O-O 7. Bd3 Nc6 8. a3
cxd4 9. Nxd4 Nxd4 10. Bxd4 Qc7 11. Nf3 Nd7 12. Bxg7 Kxg7 13. O-O e5 14. e4 Nf6
15. Re1 d4 16. Qd2 Bg4 17. Nh4 Rac8 18. Rac1 Qe7 19. h3 Bd7 20. Qg5 h6 21. Qg3
Kh7 22. Nf3 Rfe8 23. Qh2 Nh5 24. g3 Rc3 25. Nh4 Rec8 26. Ng2 Qxa3 27. f4 Qd6
28. fxe5 Qxe5 29. g4 Qxh2+ 30. Kxh2 Ng7 31. Ra1 a6 32. Nf4 Be6 33. Ne2 Rxc2 34.
Bxc2 Rxc2 35. Kg3 d3 36. Nd4 Rc3 37. Nf3 Bxb3 38. Rab1 d2 39. Rf1 Bc4 40. Rf2
Rc1 41. Nxd2 Rxb1 42. Nxb1 b5 43. Nc3 Ne8 44. Nd5 Nd6 45. Kf4 Kg7 46. Ke5 Ne8
47. Nb6 Be6 48. Nd5 g5 49. Ra2 h5 50. Rxa6 hxg4 51. hxg4 Bxg4 52. Ra2 f6+ 53.
Kd4 1/2-1/2

[Event "C.to Provinciale FM"]
[Site "Porto Sant'Elpidio ITA"]
[Date "2010.01.24"]
[Round "3"]
[White "Tittarelli, Adriano"]
[Black "Mircoli, Filippo"]
[Result "0-1"]
[WhiteElo "1865"]
[BlackElo "1729"]
[PlyCount "62"]
[EventDate "2010.01.23"]

1. d4 e6 2. Bf4 Nf6 3. e3 d5 4. Nd2 Bd6 5. Bxd6 cxd6 6. c3 O-O 7. Bd3 Nfd7 8.
f4 e5 9. Nh3 Qh4+ 10. Nf2 exf4 11. Nf3 Qe7 12. O-O fxe3 13. Nh3 Nf6 14. Nf4 Be6
15. Qe2 Ng4 16. h3 Nf2 17. Qxe3 Nxd3 18. Qxd3 Nd7 19. Qb5 Nf6 20. Rae1 a6 21.
Qe2 Ne4 22. Kh2 f5 23. Qe3 Bf7 24. g4 g5 25. Nh5 f4 26. Qg1 h6 27. Re2 Bxh5 28.
gxh5 Qf7 29. Qg4 Ng3 30. Re6 Nxf1+ 31. Kg1 Ne3 0-1

[Event "C.to Provinciale FM"]
[Site "Porto Sant'Elpidio ITA"]
[Date "2010.01.24"]
[Round "3"]
[White "Tittarelli, Edith"]
[Black "Silvestri, Giorgio"]
[Result "0-1"]
[WhiteElo "1604"]
[BlackElo "1808"]
[PlyCount "96"]
[EventDate "2010.01.23"]

1. d4 Nf6 2. Nf3 g6 3. Bg5 Bg7 4. e3 h6 5. Bxf6 Bxf6 6. Bd3 d6 7. Nbd2 Nd7 8.
O-O O-O 9. c3 e5 10. Nb3 Re8 11. Nfd2 a5 12. a4 Nb6 13. Nc4 Nxc4 14. Bxc4 d5
15. Be2 c6 16. Re1 b6 17. Bd3 e4 18. Bc2 h5 19. h3 Kg7 20. f3 Bh4 21. Re2 exf3
22. gxf3 Qg5+ 23. Kh1 Qg3 24. Rg2 Qd6 25. e4 Qf4 26. Rh2 Bg3 27. Rd2 Bxh3 28.
Qe2 Qh4 29. Kg1 Bf4 30. Qf2 Qg5+ 31. Kh1 Bxd2 32. Nxd2 Qf4 33. Rg1 dxe4 34.
Bxe4 Rac8 35. Re1 Bf5 36. Bxf5 Qxf5 37. Nc4 Rxe1+ 38. Qxe1 Qxf3+ 39. Kg1 Qg4+
40. Kf1 Qf4+ 41. Kg1 Rb8 42. Nd2 Kf8 43. Qe2 Re8 44. Qg2 Re1+ 45. Nf1 g5 46.
Qh3 Qxf1+ 47. Qxf1 Rxf1+ 48. Kxf1 f5 0-1

[Event "C.to Provinciale FM"]
[Site "Porto Sant'Elpidio ITA"]
[Date "2010.01.24"]
[Round "3"]
[White "Vesce, Emanuele"]
[Black "Giobbi, Costantino"]
[Result "0-1"]
[WhiteElo "1705"]
[BlackElo "1913"]
[PlyCount "70"]
[EventDate "2010.01.23"]

1. d4 Nf6 2. c4 e6 3. Nf3 c5 4. e3 d5 5. cxd5 exd5 6. Nc3 Nc6 7. a3 c4 8. b3
cxb3 9. Qxb3 a6 10. Bd3 Be7 11. O-O O-O 12. Bb2 b5 13. Ne5 Na5 14. Qc2 Bb7 15.
f4 Rc8 16. Qf2 Nc4 17. Nxc4 bxc4 18. Bc2 Bc6 19. h3 Rb8 20. Rab1 Qa5 21. Bd1
Bxa3 22. Ra1 Rxb2 23. Qxb2 Bxb2 24. Rxa5 Bxc3 25. Rxa6 Bd7 26. Bf3 Be6 27. g4
Bd2 28. Kf2 c3 29. Ra2 Ne4+ 30. Kg2 g6 31. Bd1 Bd7 32. Kf3 Bb5 33. Rg1 Bc4 34.
Ra3 Re8 35. h4 Nf6 0-1

[Event "C.to Provinciale FM"]
[Site "Porto Sant'Elpidio ITA"]
[Date "2010.01.30"]
[Round "4"]
[White "Balzano, Filli"]
[Black "Copponi, Alice"]
[Result "1-0"]
[WhiteElo "1673"]
[BlackElo "1296"]
[PlyCount "113"]
[EventDate "2010.01.23"]

1. e4 e5 2. Nf3 Nc6 3. Bc4 Nf6 4. d3 d5 5. exd5 Nxd5 6. Qe2 Be6 7. Nxe5 Nxe5 8.
Qxe5 c6 9. O-O Qd6 10. Qxd6 Bxd6 11. Bxd5 Bxd5 12. Re1+ Be6 13. Nc3 Bb4 14. Bd2
Bxc3 15. Bxc3 O-O 16. Re3 g6 17. h4 h5 18. a4 a5 19. Re5 b6 20. Bd2 Rfe8 21.
Bg5 Bd5 22. Rae1 Re6 23. Bf4 Rae8 24. Rxe6 Rxe6 25. Rxe6 Bxe6 26. Bc7 b5 27.
axb5 cxb5 28. Bxa5 f6 29. Kf1 g5 30. g3 gxh4 31. gxh4 Ba2 32. Ke2 Kg7 33. b3 f5
34. Bc7 Kf7 35. Kd2 Ke7 36. Kc3 Kd7 37. Bf4 Kc6 38. Kb2 Bxb3 39. Kxb3 Kc5 40.
Be3+ Kc6 41. Kb4 Kd5 42. Kxb5 Ke5 43. c4 f4 44. Bd2 Kd4 45. Bxf4 Kxd3 46. c5
Kd4 47. c6 Ke4 48. c7 Kxf4 49. c8=Q Kf3 50. Qf5+ Ke2 51. Kc4 Kf1 52. Kd3 Ke1
53. Qf3 Kf1 54. Ke3 Kg1 55. Qxh5 Kf1 56. Qg4 Ke1 57. Qe2# 1-0

[Event "C.to Provinciale FM"]
[Site "Porto Sant'Elpidio ITA"]
[Date "2010.01.30"]
[Round "4"]
[White "Bonoli, Luciano"]
[Black "Vannicola, Roberto"]
[Result "1-0"]
[WhiteElo "1771"]
[BlackElo "1398"]
[PlyCount "129"]
[EventDate "2010.01.23"]

1. c4 c6 2. g3 d5 3. cxd5 cxd5 4. Bg2 Nf6 5. Nf3 b6 6. O-O Bb7 7. d4 e6 8. Bg5
Be7 9. Nc3 Nbd7 10. Nb5 a6 11. Bxf6 Nxf6 12. Nc3 O-O 13. Rc1 Rc8 14. a3 b5 15.
Ne5 Nd7 16. Nf3 Nb6 17. Ne5 Nc4 18. Nxc4 Rxc4 19. e3 Qa5 20. Re1 Bxa3 21. Ra1
Rxc3 22. Qd2 Qc7 23. bxc3 Bd6 24. e4 Qc4 25. e5 Be7 26. Bf1 Qc6 27. Rec1 Qb6
28. Qa2 Rc8 29. Qb3 Bc6 30. Qa2 Ra8 31. Rab1 Qb7 32. Bg2 Qb6 33. h4 Bd7 34. c4
Qxd4 35. cxd5 Ra7 36. d6 Bd8 37. Qb2 Qb6 38. Kh2 a5 39. Rc2 a4 40. Bf1 Ra5 41.
Qb4 g6 42. Qf4 a3 43. h5 g5 44. Qb4 a2 45. Ra1 Ra4 46. Qb3 Qd4 47. Raxa2 Rxa2
48. Rxa2 Kg7 49. Qb2 Qd5 50. Bg2 Qd1 51. Qd2 Qxh5+ 52. Kg1 Qg6 53. Ra7 Qb1+ 54.
Bf1 Bc6 55. Ra2 Qe4 56. f3 Bb6+ 57. Kh2 Qg6 58. Kg2 Qf5 59. Be2 g4 60. Qf4
gxf3+ 61. Bxf3 Bxf3+ 62. Kxf3 Qd3+ 63. Kg4 Qg6+ 64. Qg5 h5+ 65. Kh4 1-0

[Event "C.to Provinciale FM"]
[Site "Porto Sant'Elpidio ITA"]
[Date "2010.01.30"]
[Round "4"]
[White "Capito', Mario"]
[Black "Guglielmi, Dante"]
[Result "0-1"]
[WhiteElo "1804"]
[BlackElo "1910"]
[PlyCount "78"]
[EventDate "2010.01.23"]

1. e4 c5 2. Nf3 d6 3. d4 cxd4 4. Nxd4 Nf6 5. Nc3 a6 6. Be2 e6 7. Be3 Be7 8. g4
Nc6 9. h4 Qc7 10. Qd2 Ne5 11. g5 Nfg4 12. Bxg4 Nxg4 13. Bf4 b5 14. Ndxb5 axb5
15. Nxb5 Qa5 16. Qxa5 Rxa5 17. Nxd6+ Bxd6 18. Bxd6 Bb7 19. Rg1 Ne5 20. Ke2 Bxe4
21. b4 Rd5 22. Bc5 Bxc2 23. Rg3 Nd3 24. Re3 Nxc5 25. bxc5 Rxc5 26. Rc1 O-O 27.
Ke1 Rfc8 28. Kd2 g6 29. f4 Ba4 30. Rec3 Rxc3 31. Rxc3 Rxc3 32. Kxc3 Kf8 33. Kd4
Ke7 34. Ke5 Bc2 35. Kd4 Kd6 36. a3 Ba4 37. Kc4 e5 38. fxe5+ Kxe5 39. Kb4 Bd1
0-1